Theodora : oratorio in three parts, HWV 68 /

Bibliographic Details
Main Author: Handel, George Frideric, 1685-1759
Corporate Authors: Salzburger Bachchor (Performer), Freiburger Barockorchester (Performer), Salzburger Festspiele, Unitel Classica (Firm), C Major Entertainment GmbH
Other Authors: Boyle, Robert, 1627-1691, Morell, Thomas, 1703-1784 (Librettist), Schäfer, Christine, 1965- (Performer), Mehta, Bejun (Performer), Kaiser, Joseph (Performer), Kränzle, Johannes Martin (Performer), Fink, Bernarda (Performer), Davies, Ryland, 1943- (Performer), Bolton, Ivor (Conductor), Loy, Christof, 1962-, Kurz, Annette, 1967-, Renzenbrink, Ursula, 1952-, Bolliger, Stefan, 1968-, Jonigk, Thomas, 1966-, Wilhelm, Thomas (Choreographer), Rossacher, Hannes
Format: Conference Proceeding Video DVD
Language:English
Language Notes:Sung in English with English, German, French, and Spanish subtitles.
Published: Berlin : Munich : Cmajor ; Unitel Classica, [2011]
Series:Festspieldokumente.
Subjects:

MARC

Tag First Indicator Second Indicator Subfields
LEADER 00000cgm a2200000Ia 4500
001 in00002701351
005 20151202123009.0
007 vd cvaizk
008 110623p20112009gw 189 vleng d
024 1 0 |a 814337010577 
028 4 2 |a 705708  |b Cmajor 
035 |a (OCoLC)ocn732621832 
035 |a (OCoLC)732621832 
040 |a CIN  |c CIN  |d CIN  |d UtOrBLW 
041 0 |a eng  |j eng  |j ger  |j fre  |j spa  |h eng  |g eng  |g ger  |g fre 
049 |a TXAM 
090 |a M2004  |b .H362 2011 
100 1 |a Handel, George Frideric,  |d 1685-1759. 
245 1 0 |a Theodora :  |b oratorio in three parts, HWV 68 /  |c by George Frideric Handel ; text by Thomas Morell, based on The martyrdom of Theodora and Didymus by Robert Boyle ; Salzburg Festival, from the Grosses Festpielhaus. 
264 1 |a Berlin :  |b Cmajor ;  |a Munich :  |b Unitel Classica,  |c [2011] 
264 4 |c ©2011 
300 |a 2 videodiscs (189 min.) :  |b sound, color ;  |c 4 3/4 in. +  |e 1 booklet. 
336 |a two-dimensional moving image  |b tdi  |2 rdacontent 
337 |a video  |b v  |2 rdamedia 
338 |a videodisc  |b vd  |2 rdacarrier 
490 1 |a Festspieldokumente 
538 |a DVD; soundtracks in DTS 5.1, PCM stereo; aspect ratio 16:9; filmed in HD. 
546 |a Sung in English with English, German, French, and Spanish subtitles. 
511 0 |a Christine Schäfer (Theodora) ; Bejun Mehta (Didymus) ; Joseph Kaiser (Septimus) ; Johannes Martin Kränzle (Valens) ; Bernarda Fink (Irene) ; Ryland Davies (Messanger) ; Salzburger Bachchor ; Freiburger Barockorchester ; Ivor Bolton, conductor. 
508 |a Stage director, Christof Loy; sets, Annette Kurz; costumes, Ursula Renzenbrink; lighting, Stefan Bollinger; dramatic advisor, Thomas Jonigk; choreographic assistance, Thomas Wilhelm; video director, Hannes Rossacher. 
518 |a Recorded in performance Aug. 16-21, 2009, Grosses Festpielhaus, Salzburg. 
500 |a Program notes and synopsis in English, German and French in container. 
500 |a Videorecording. 
650 0 |a Oratorios. 
655 7 |a Filmed performances.  |2 lcgft 
700 1 |a Boyle, Robert,  |d 1627-1691.  |t Martyrdom of Theodora and of Didymus. 
700 1 |a Morell, Thomas,  |d 1703-1784,  |e librettist. 
700 1 |a Schäfer, Christine,  |d 1965-  |e performer. 
700 1 |a Mehta, Bejun,  |e performer. 
700 1 |a Kaiser, Joseph,  |e performer. 
700 1 |a Kränzle, Johannes Martin,  |e performer. 
700 1 |a Fink, Bernarda,  |e performer. 
700 1 |a Davies, Ryland,  |d 1943-  |e performer. 
700 1 |a Bolton, Ivor,  |e conductor. 
700 1 |a Loy, Christof,  |d 1962- 
700 1 |a Kurz, Annette,  |d 1967- 
700 1 |a Renzenbrink, Ursula,  |d 1952- 
700 1 |a Bolliger, Stefan,  |d 1968- 
700 1 |a Jonigk, Thomas,  |d 1966- 
700 1 |a Wilhelm, Thomas  |c (Choreographer) 
700 1 |a Rossacher, Hannes. 
710 2 |a Salzburger Bachchor,  |e performer. 
710 2 |a Freiburger Barockorchester,  |e performer. 
711 2 |a Salzburger Festspiele. 
710 2 |a Unitel Classica (Firm) 
710 2 |a C Major Entertainment GmbH. 
830 0 |a Festspieldokumente. 
994 |a C0  |b TXA 
948 |a cataloged  |b h  |c 2011/8/31  |d c  |e blrosas  |f 11:26:13 am 
999 |a MARS 
999 f f |s a5ce8eb1-458f-3878-8488-ac20f392a9b2  |i a0b239eb-0f75-379e-809e-82bdc636f885  |t 0 
952 f f |p ric  |a Texas A&M University  |b Rellis Campus  |c Joint Library Facility  |d Remote Storage  |t 0  |e M2004 .H362 2011  |h Library of Congress classification  |i video -- videodisc  |m A14841183107 
998 f f |a M2004 .H362 2011  |t 0  |l Remote Storage